000 00359nam a2200133Ia 4500
005 20260328104315.0
008 260328s9999||||xx |||||||||||||| ||und||
100 _aWissenbach, Vicente
245 0 _aCadernos Brasileiros de Arquitetura deseno Urbano II /
_cVicente Wissenbach
260 _bProjeto
300 _a122 p.
650 _aURBANISMO
942 _cBK
999 _c11137
_d11137